000 00592nam a2200181Ia 4500
001 20814
005 20260306172833.0
008 260306t2021||||xx |||||||||||||| ||spa||
041 _aESP
082 _a343.8
_bC534
100 _aChávez Hurtado, Joaquín
_eAUT
245 0 _aOperaciones con no domiciliados. Impuesto general a las ventas:
_bincidencia y casuística aplicada: Operaciones con no domiciliados. Impuesto a la renta: rentas afectas, tasas y retenciones
260 _c2021
300 _a64 páginas :
_c24 cm.
650 _aGEN
654 _aCCO
942 _cLIB
_dJUS
_fJUS
_2ddc
_n
999 _c20814
_d20814